00834nas a2200253Ia 4500001001100000003000900011008004100020040001300061040001300074041001300087100004200100210001700142222001700159245008300176250001100259260004600270501008600316300001600402362004700418500003400465650003600499700001600535700002900551R020/D2083IT-RoPAU151124c99999999xx |||||||||||| ||und|| aIT-RoPAU cIT-RoPAU aITALIANO aJacob LiviogCodice Aut. SPICS: 21430 aGRIFFITHIANA aGriffithiana aGRIFFITHIANA, ANNO 17-NUMERO FUORI SERIE (APRILE 1995)bComing Of Angelo (The) a1a ed. aGEMONA (UDINE)bCINETECA DEL FRIULIc1995 bPaulus - SPICS - Società San Paolo EM (non-commercial uses only)cCopyright2015 a9 p. [4-12] aANNO 017, NUMERO FUORI SERIE (APRILE 1995) aRicordo di Angelo R. Humouda. aCINEMAvPUBBLICAZIONE PERIODICA aPatat Piera gCodice Aut. SPICS: 43803